Brief Report: Sex Differences in the Etiology of Psychopathic Traits in Youth

Saved in:  
Bibliographic Details
Authors: Ficks, Courtney A. (Author) ; Dong, Lu (Author) ; Waldman, Irwin D. (Author)
Format: Print Article
Language:English
Published: 2014
In: Journal of abnormal psychology
Year: 2014, Volume: 123, Issue: 2, Pages: 406-411
Check availability: HBZ Gateway
Keywords:

MARC

LEADER 00000caa a22000002c 4500
001 1630720593
003 DE-627
005 20220607122819.0
007 tu
008 150713s2014 xx ||||| 00| ||eng c
035 |a (DE-627)1630720593 
035 |a (DE-576)435323822 
035 |a (DE-599)BSZ435323822 
040 |a DE-627  |b ger  |c DE-627  |e rakwb 
041 |a eng 
100 1 |a Ficks, Courtney A.  |4 aut 
245 1 0 |a Brief Report  |b Sex Differences in the Etiology of Psychopathic Traits in Youth  |c Courtney A. Ficks; Lu Dong; Irwin D. Waldman 
264 1 |c 2014 
336 |a Text  |b txt  |2 rdacontent 
337 |a ohne Hilfsmittel zu benutzen  |b n  |2 rdamedia 
338 |a Band  |b nc  |2 rdacarrier 
700 1 |a Dong, Lu  |4 aut 
700 1 |a Waldman, Irwin D.  |4 aut 
773 0 8 |i In  |t Journal of abnormal psychology  |d Washington, DC : Assoc., 1906  |g 123(2014), 2, Seite 406-411  |w (DE-627)129079189  |w (DE-600)3127-6  |w (DE-576)014411792  |x 0021-843X  |7 nnas 
773 1 8 |g volume:123  |g year:2014  |g number:2  |g pages:406-411 
951 |a AR 
ELC |b 1 
LOK |0 000 xxxxxcx a22 zn 4500 
LOK |0 001 328054937X 
LOK |0 003 DE-627 
LOK |0 004 1630720593 
LOK |0 005 20150713120444 
LOK |0 008 150713||||||||||||||||ger||||||| 
LOK |0 040   |a DE-21-110  |c DE-627  |d DE-21-110 
LOK |0 689   |a s  |a Psychopathie 
LOK |0 689   |a s  |a Jugendliche 
LOK |0 689   |a s  |a Ätiologie 
LOK |0 689   |a s  |a Anlage-Umwelt 
LOK |0 689   |a s  |a Geschlechtsunterschiede 
LOK |0 852   |z Kein Bestand am IfK; Nachweis für KrimDok 
LOK |0 852   |a DE-21-110 
LOK |0 852 1  |m v  |9 00 
LOK |0 938   |k v 
LOK |0 939   |a 13-07-15  |b l01 
ORI |a SA-MARC-krimdoka001.raw